| 000 | 00718nac a22002051u 4500 | ||
|---|---|---|---|
| 010 | _a92239034 | ||
| 020 | _a030432406X | ||
| 082 | 0 | 0 |
_a658.8708 _bM5375 |
| 090 |
_c1143 _d1143 |
||
| 100 | _aMendelsohn, M. | ||
| 245 | 1 | 4 |
_aThe guide to franchising / _cMartin Mendelsohn. |
| 250 | _a6th ed. | ||
| 260 |
_aAustralia : _aThomson Learning; _c2003. |
||
| 300 |
_a372 p. : _bill. ; _c26 cm. |
||
| 500 | _aIncludes index. | ||
| 650 | 0 | _aFranchises (Retail trade) | |
| 650 | 0 |
_aFranchises (Retail trade) _zGreat Britain. |
|
| 942 |
_cBB _k658.8708M5375 |
||
| 999 |
_c1143 _d1143 |
||